Fader vår - Orden - Statistics

General Stats
  • This quiz has been taken 274 times
  • The average score is 41 of 64
Answer Stats
Ord % Correct
Fader
99%
vår,
98%
i
95%
i
95%
i
95%
i
95%
som
95%
är
93%
är
93%
himmelen!
87%
himmelen,
87%
ditt
83%
ditt
83%
ditt
83%
vi
80%
namn;
79%
oss
78%
oss
78%
oss
78%
oss
78%
oss
78%
78%
jorden.
76%
75%
Helgat
72%
rike;
72%
och
71%
och
71%
och
71%
och
71%
bröd
70%
din
69%
Amen.
67%
vilja,
64%
förlåt
63%
våra
62%
ske
59%
idag;
56%
giv
55%
ock
54%
ock
54%
evighet.
52%
såsom
52%
såsom
52%
dagliga
49%
äro;
48%
dem
47%
skulder,
47%
vårt
47%
makten
45%
skyldiga
42%
tillkomme
42%
riket
41%
icke
39%
varde
39%
Ty
38%
frestelse
37%
utan
37%
förlåta
36%
fräls
36%
ifrån
36%
inled
36%
ondo.
35%
härligheten
32%
No matching quizzes found
Score Distribution
Percent of People with Each Score
Percentile by Number Answered
Your Score History
You have not taken this quiz